000 00435nam a2200157Ia 4500
008 090711s9999 xx 000 0 und d
082 _b64904
100 _aकर्णिक हेमंत
245 _aदि किंद
260 _c1990
600 _aकर्णिक हेमंत
630 _aदि किंद
700 _aकर्णिक हेमंत
730 _aदि किंद
942 _cBOOK
999 _c327005
_d327005